El laberinto de fortuna, o Las trescientas / (Record n. 10991)

Dettagli MARC
000 -LEADER
fixed length control field 00893nam a22002771i 4500
003 - CONTROL NUMBER IDENTIFIER
control field IT-RoINE
005 - DATE AND TIME OF LATEST TRANSACTION
control field 20170203090510.0
008 - FIXED-LENGTH DATA ELEMENTS--GENERAL INFORMATION
fixed length control field 930725s1973 sp r 1 pdspa d
020 ## - INTERNATIONAL STANDARD BOOK NUMBER
International Standard Book Number 8423931196
040 ## - CATALOGING SOURCE
Original cataloging agency SpMaBN
Language of cataloging spa
Transcribing agency A2 IT-RoINE
Modifying agency IT-RoINE
100 1# - MAIN ENTRY--PERSONAL NAME
9 (RLIN) 22628
Personal name Mena, Juan de,
Dates associated with a name 1411-1456
245 13 - TITLE STATEMENT
Title El laberinto de fortuna, o Las trescientas /
Statement of responsibility, etc Edición, prólogo y notas de José Manuel Blecua
246 32 - VARYING FORM OF TITLE
Title proper/short title Trescientas
250 ## - EDITION STATEMENT
Edition statement 5ª ed.
260 ## - PUBLICATION, DISTRIBUTION, ETC. (IMPRINT)
Place of publication, distribution, etc Madrid :
Name of publisher, distributor, etc Espasa-Calpe,
Date of publication, distribution, etc 1973.
300 ## - PHYSICAL DESCRIPTION
Extent CIII, 158 p. ;
Dimensions 20 cm.
336 ## - CONTENT TYPE
Source rdacontent
Content type term text
337 ## - MEDIA TYPE
Source rdamedia
Media type term unmediated
338 ## - CARRIER TYPE
Source rdacarrier
Carrier type term volume
490 1# - SERIES STATEMENT
Series statement Clásicos castellanos ;
Volume number/sequential designation 119
500 ## - GENERAL NOTE
General note Incluye índice.
700 1# - ADDED ENTRY--PERSONAL NAME
Personal name Blecua, José Manuel,
Dates associated with a name 1913-2003
9 (RLIN) 2773
740 41 - ADDED ENTRY--UNCONTROLLED RELATED/ANALYTICAL TITLE
Uncontrolled related/analytical title Las Trescientas.
830 #0 - SERIES ADDED ENTRY--UNIFORM TITLE
9 (RLIN) 22520
Uniform title Clásicos castellanos (Espasa-Calpe) ;
Volume number/sequential designation 119
942 ## - ADDED ENTRY ELEMENTS (KOHA)
Item type Monografías
Dati di copia
Withdrawn status Lost status Damaged status Not for loan Home library Current library Date acquired Total Checkouts Full call number Barcode Date last seen Price effective from Koha item type
        Iglesia Nacional Española en Roma Iglesia Nacional Española en Roma 17/02/2016   COL.A 31.119 19638 17/02/2016 17/02/2016 Monografías